000
00311nam a22001337a 4500
008
180206b xxu||||| |||| 00| 0 eng d
020
_a
9780820546018
041
_a
eng
080
_a
345.73
100
_a
13
101
_a
SHJ
245
_a
Criminal Law: Cases and Materials
_c
Saltzburg, S.A
942
_2
udc
_c
BK
999
_c
41902
_d
41902